<?xml version="1.0" encoding="UTF-8"?>
<record
    xmlns:xsi="http://www.w3.org/2001/XMLSchema-instance"
    xsi:schemaLocation="http://www.loc.gov/MARC21/slim http://www.loc.gov/standards/marcxml/schema/MARC21slim.xsd"
    xmlns="http://www.loc.gov/MARC21/slim">

  <leader>01744nam a22001937a 4500</leader>
  <controlfield tag="005">20210414114037.0</controlfield>
  <controlfield tag="008">120627t        xxu||||| |||| 00| 0 eng d</controlfield>
  <datafield tag="020" ind1=" " ind2=" ">
    <subfield code="a">0131290142</subfield>
  </datafield>
  <datafield tag="050" ind1=" " ind2=" ">
    <subfield code="a">QA76.73.J38D45</subfield>
  </datafield>
  <datafield tag="100" ind1=" " ind2=" ">
    <subfield code="a">Deital, H.M,</subfield>
  </datafield>
  <datafield tag="245" ind1=" " ind2=" ">
    <subfield code="a">Java: how to program /</subfield>
    <subfield code="c">H.M. Deitel and P.J. Deitel</subfield>
  </datafield>
  <datafield tag="250" ind1=" " ind2=" ">
    <subfield code="a">6th edition</subfield>
  </datafield>
  <datafield tag="260" ind1=" " ind2=" ">
    <subfield code="a">Upper Saddle River, N.J. ; London :</subfield>
    <subfield code="b">Pearson,</subfield>
    <subfield code="c">2004.</subfield>
  </datafield>
  <datafield tag="300" ind1=" " ind2=" ">
    <subfield code="a">1576 p:</subfield>
    <subfield code="b">ill.;</subfield>
    <subfield code="c">24 cm.</subfield>
  </datafield>
  <datafield tag="500" ind1=" " ind2=" ">
    <subfield code="a">Includes index.</subfield>
  </datafield>
  <datafield tag="505" ind1=" " ind2=" ">
    <subfield code="a">Contents: Introduction to computers, the internet and the web -- Introduction to Java applications -- Introduction to classes and objects -- Control statements: Part 2 - Methods: a deeper look -- Arrays -- Classes and objects: a deeper look -- Object-oriented programming: inheritance -- Object-oriented programming: polymorphism -- GUI components: Part I -- Graphics and java 2D -- Exception handling -- Files and streams -- Recursion -- Searching and sorting -- Data structures -- Generics -- Collections -- Introduction to java applets -- Multimedia: applets and applications -- GUI components: Part 2 -- Multithreading -- Networking - Accesing databases with JDBC -- Servlets -- JavaServer pages (JSP) --  Formatted output -- Strings, characters and regular expressions -Appendices A: Operator precedence chart - B: ASCII character set - C: Keywords and reserved words - D: Primitive types - E: Number systems - F: Unicode - G: Using the java API documentation - H: Creating documentation with javadoc - I: Bit manipulation - J: ATM case study code - K: Labeled break and continue statements - L: Additional diagram types - M: Patterns - Using the debugger (on CD). </subfield>
  </datafield>
  <datafield tag="650" ind1=" " ind2=" ">
    <subfield code="a">Java (computer programming language)</subfield>
    <subfield code="x">Computer programming</subfield>
  </datafield>
  <datafield tag="942" ind1=" " ind2=" ">
    <subfield code="2">lcc</subfield>
    <subfield code="c">BK</subfield>
  </datafield>
  <datafield tag="999" ind1=" " ind2=" ">
    <subfield code="c">1577</subfield>
    <subfield code="d">9077</subfield>
  </datafield>
  <datafield tag="952" ind1=" " ind2=" ">
    <subfield code="0">0</subfield>
    <subfield code="1">0</subfield>
    <subfield code="2">lcc</subfield>
    <subfield code="4">0</subfield>
    <subfield code="7">0</subfield>
    <subfield code="a">WIUC-1</subfield>
    <subfield code="b">WIUC-1</subfield>
    <subfield code="c">GEN</subfield>
    <subfield code="d">2012-06-27</subfield>
    <subfield code="l">0</subfield>
    <subfield code="o">QA76.73.J38D45</subfield>
    <subfield code="p">4564/12</subfield>
    <subfield code="r">2012-06-27 00:00:00</subfield>
    <subfield code="t">1</subfield>
    <subfield code="w">2012-06-27</subfield>
    <subfield code="y">BK</subfield>
  </datafield>
  <datafield tag="952" ind1=" " ind2=" ">
    <subfield code="0">0</subfield>
    <subfield code="1">0</subfield>
    <subfield code="2">lcc</subfield>
    <subfield code="4">0</subfield>
    <subfield code="7">0</subfield>
    <subfield code="a">WIUC-1</subfield>
    <subfield code="b">WIUC-1</subfield>
    <subfield code="c">GEN</subfield>
    <subfield code="d">2012-06-27</subfield>
    <subfield code="l">0</subfield>
    <subfield code="o">QA76.73.J38D451</subfield>
    <subfield code="p">4565/12</subfield>
    <subfield code="r">2012-06-27 00:00:00</subfield>
    <subfield code="t">2</subfield>
    <subfield code="w">2012-06-27</subfield>
    <subfield code="y">BK</subfield>
  </datafield>
  <datafield tag="952" ind1=" " ind2=" ">
    <subfield code="0">0</subfield>
    <subfield code="1">0</subfield>
    <subfield code="2">lcc</subfield>
    <subfield code="4">0</subfield>
    <subfield code="7">0</subfield>
    <subfield code="a">WIUC-1</subfield>
    <subfield code="b">WIUC-1</subfield>
    <subfield code="c">GEN</subfield>
    <subfield code="d">2012-06-27</subfield>
    <subfield code="l">0</subfield>
    <subfield code="o">QA76.73.J38D452</subfield>
    <subfield code="p">4566/12</subfield>
    <subfield code="r">2012-06-27 00:00:00</subfield>
    <subfield code="t">3</subfield>
    <subfield code="w">2012-06-27</subfield>
    <subfield code="y">BK</subfield>
  </datafield>
</record>
